000 00691nam a2200253Ia 4500
003 OSt
005 20220912152748.0
006 a|||||r|||| 00| 0
007 ta
008 220909b |||||||| |||| 00| 0 eng d
024 _a35525
037 _cTextual
040 _aCSL
_beng
_cCSL
041 _aeng
082 _aE1:996-986p1:N62, K4.2;1-;2
100 _aMartini I
111 _aFirst International congress on hormonal steroids (1965 : )
245 0 _aProceeding on hormonal steroids
260 _c1964
300 _ap.
_ccm.
700 _a Pecile A
942 _hE1:996-986p1:N62, K4.2;1-;2
_cTEXL
_2CC
999 _c91575
_d91575